000 01066cam a22001814a 4500
005 20250605164347.0
008 250528s ||||||||||||||||||||||||d
035 _a23954
040 _aGR-AtMCL
_bgre
_dGR-AtMCL
_eAACR2
245 1 _aΩς Εταιρεία Born Digital, δεν Αρκεί να Είμαστε Καινοτόμοι αλλά και Ευέλικτοι / 47 Purity Street
260 _c2019
520 _aΗ Φιλοσοφία μας είναι Ανθρωποκεντρική από το Ξεκίνημα μας, Η Βιομηχανία μας Λαμβάνει Σοβαρά Υπόψη τη Διαφάνεια, Ο Κλάδος των Εκτυπώσεων Αποδεικνύει ότι έχει Μέλλον, Το 1ο Business Messaging Conference Παρέδωσε Μηνύματα, Κοινωνικό Εμπόριο και AI και Ασφάλεια Οδηγούν το Μέλλον του e-Commerce.
700 1 _aΜπούσιας Μιχάλης Κ
_99357
942 _cCR
710 2 _aMarketing Week
_99824
999 _c8865
_d8865